|
|
|
|
| LEADER |
00000nam a2200000 i 4500 |
| 001 |
1/11140 |
| 008 |
970904s1994 eng d |
| 020 |
|
|
|a 0-7456-1017-X
|
| 035 |
|
|
|1 ΠΑΡ
|a 1997
|l 10018139
|
| 040 |
|
|
|a GR-MY-UA
|b gre
|e aacr
|
| 041 |
0 |
|
|a eng
|
| 082 |
0 |
|
|a 410.92
|
| 100 |
1 |
|
|a Calvet, Louis Jean
|d 1942-
|
| 245 |
1 |
0 |
|a Roland Barthes :
|b a biography /
|c Louis-Jean Calvet ; Translated by Sarah Wykes
|
| 260 |
|
|
|a Cambridge :
|b Polity,
|c 1994
|
| 300 |
|
|
|a 289 p.
|
| 504 |
|
|
|a Includes bibliographical references and index
|
| 600 |
1 |
0 |
|a Barthes Roland.
|
| 650 |
0 |
0 |
|a Linguists
|z France.
|
| 650 |
0 |
0 |
|a Critics
|z France
|x Biography.
|
| 700 |
1 |
|
|a Wykes, Sarah.
|4 trl
|
| 852 |
|
|
|a INST
|b LESVOS
|e 19970904
|h 410.92 CAL
|p 005100010815
|q 005100010815
|t BK
|y 0
|
| 909 |
|
|
|a Λ
|b 049541
|
| 922 |
|
|
|a 1ΔΩΡ
|b 199701
|c ΤΚΑ
|